[Event "CXV R - 011 email"]
[Site "Brazil CXV"]
[Date "2000.07.26"]
[Round "?"]
[White "Da Silva, Raimundo Francisco"]
[Black "Rommell, Michael"]
[Result "1-0"]
[WhiteElo "1979"]
[BlackElo "1921"]
[PlyCount "103"]
[EventDate "2000.??.??"]
[EventType "tourn (corr)"]
[EventRounds "6"]
[EventCountry "BRA"]
[SourceTitle "Corr 2004"]
[Source "ChessBase"]
[SourceDate "2003.04.28"]
[SourceVersion "3"]
[SourceVersionDate "2003.04.28"]
[SourceQuality "1"]

1. d4 e6 2. Nc3 d5 3. e4 Bb4 4. e5 Ne7 5. a3 Bxc3+ 6. bxc3 c5 7. Nf3 Nbc6 8. Be2 0-0 9. 0-0 Bd7 10. Rb1 b6 11. Re1 Qc7 12. Bf1 Rfb8 13. Qd3 c4 14. Qe3 Ng6 15. h4 Nge7 16. h5 h6 17. Nh4 a6 18. Qf4 Re8 19. Re3 Nf5 20. Nxf5 exf5 21. Rg3 Re6 22. Qxf5 Rg6 23. Qf3 Rxg3 24. Qxg3 Ne7 25. Be2 b5 26. Bd1 Nf5 27. Qf4 Re8 28. g4 Ne7 29. Bf3 Qa5 30. Rb4 Qb6 31. g5 hxg5 32. Qxg5 Kh7 33. a4 Qe6 34. axb5 axb5 35. Rb1 Ra8 36. Bd2 Ra3 37. Bd1 Ra2 38. Bc1 Nc6 39. Be3 Ra3 40. Qg2 Ne7 41. Bd2 Ra2 42. Kh2 Qf5 43. Bg5 f6 44. exf6 gxf6 45. Bd2 Qe6 46. Qf3 Nf5 47. Qg4 Kh8 48. Rc1 Qc6 49. h6 Kh7 50. Qh5 Nd6 51. Bf3 Bf5 52. Rg1 1-0